000 02377nam0a2200349 4500
001 RU\NLR\BIBL_A\022604210
005 20260420052249.0
010 _a978-5-907594-36-4
_9100
021 _aRU
_bКН-П-25-036455
_9КН-П-25-3580
035 _a(NLR Aleph) 022604210
090 _a13682124
_c13682124
100 _a20250819d2024 u y0rusy50 ca
101 0 _arus
102 _aRU
105 _aa j 000yy
181 0 _ai3
_baxxe
182 0 _an
200 1 _aПородообразующие организмы карбонатных пород
_eучебно-методическое пособие
_eдля обучающихся по специальностям 21.05.02 "Прикладная геология", 21.05.03 "Технология геологической разведки" и по направлению подготовки 05.03.01 "Геология"
_fГ. В. Агафонова, Р. А. Мамедов
_gФедеральное государственное бюджетное образовательное учреждение высшего образования "Российский государственный геологоразведочный университет имени Серго Орджоникидзе" (МГРИ), Кафедра геологии и разведки месторождений углеводородов
203 _aТекст
_bвизуальный
_cнепосредственный
210 _aМосква
_cМГРИ
_d2024
215 _a51 с.
_cил., цв. ил.
_d21
300 _aНа обл. авт. не указаны
320 _aБиблиогр.: с. 51 (12 назв.)
606 1 _aКарбонатные породы
_jУчебно-методические пособия для высших учебных заведений
_xОбразование
_92684583
_3RU\NLR\AUTH\6601762122
606 1 _aОрганизмы породообразующие
_jУчебно-методические пособия для высших учебных заведений
_91967984
_3RU\NLR\AUTH\66901544
686 1 _aД344.42-00я73
700 1 _aАгафонова
_bГ. Р.
_gГалина Валентиновна
701 1 _aМамедов
_bР. А.
_gРустам Ахмедович
942 _cBOOK
980 _aNB